[Event "Olympiad Women 2024"]
[Site "Budapest HUN"]
[Date "2024.09.15"]
[Round "5.26"]
[Board "1"]
[White "Perez Rodriguez, Jennifer"]
[Black "Unuk, Laura"]
[Result "0-1"]
[WhiteElo "2224"]
[BlackElo "2316"]
[PlyCount "80"]
[EventDate "2024.09.11"]
[WhiteTeam "Paraguay"]
[BlackTeam "Slovenia"]
[WhiteTeamCountry "PAR"]
[BlackTeamCountry "SLO"]

1. d4 Nf6 2. c4 e6 3. Nf3 b6 4. a3 Bb7 5. Bf4 d5 ({RR} 5... d6 6. Nc3 Nbd7 7. Qc2 c5 8. dxc5 Nxc5 9. Rd1 Be7 10. e3 O-O 11. Be2 Nce4 12. O-O Nxc3 13. Qxc3 Rc8 14. Qb3 Nh5 15. Be5 Qc7 16. Bd4 Nf6 17. Nd2 d5 18. cxd5 Bxd5 19. Qa4 Bc6 20. Qb3 {½-½ Nakamura,H (2784)-Andreikin,D (2713) Moscow Tal Memorial 8th 2013 (5)}) 6. cxd5 Nxd5 7. Bg3 Nd7 8. e3 $146 ({RR} 8. e4 N5f6 9. e5 Nh5 10. Nc3 g6 11. Bc4 Bg7 12. Bh4 Qb8 13. d5 exd5 14. Nxd5 c6 15. Ne3 Nc5 16. Bxf7+ Kxf7 17. b4 Bxe5 18. bxc5 Bc3+ 19. Kf1 Ba6+ 20. Kg1 Bxa1 21. Ng5+ Ke8 22. Qxa1 Rf8 {½-½ Kantor,G (2532)-Wang,J (2485) 1000GM LA Spring Splash 2023 (4)}) ({RR} 8. Qc2 c5 9. e4 N5f6 10. Nc3 Be7 11. d5 exd5 12. exd5 Nh5 13. O-O-O O-O 14. Bb5 g6 15. Bc6 Qc8 16. Rhe1 Re8 17. Qa4 Bxc6 18. dxc6 Ndf6 19. c7 Qb7 20. Be5 Rac8 21. Qc4 Bf8 22. Ng5 Rxc7 {½-½ Lou Yiping (2458)-Ma,Z (2469) CHN Team Men 2024 (4.2)}) ({RR} 8. Nbd2 N5f6 9. Rc1 Bd6 10. Qc2 O-O 11. e4 Nh5 12. e5 Be7 13. Bd3 g6 14. Be4 Bxe4 15. Qxe4 c5 16. O-O cxd4 17. b4 Nxg3 18. hxg3 a5 19. Nxd4 {½-½ Vaibhav,S (2600)-Peralta,F (2595) Barcelona Sants op-A 23rd 2022 (8)}) ({RR} 8. Qc2 c5 9. e4 N5f6 10. Nc3 a6 11. Rd1 cxd4 12. Nxd4 Rc8 13. f3 b5 14. Be2 Bc5 15. Nb3 Ba7 16. Qd2 O-O 17. Bf2 Bxf2+ 18. Kxf2 Rc7 19. Qe3 Qb8 20. Rc1 Ne5 21. Rhd1 h6 22. Kg1 Rfc8 {0-1 Ter Sahakyan,S (2625)-Hansen,E (2606) Chess.com Rapid Wk21 Swiss 2022 (9)}) 8... c5 9. Bd3 Be7 10. O-O O-O 11. Nbd2 cxd4 12. Nxd4 Nc5 13. Bb5 Rc8 14. Rc1 a6 15. Be2 b5 16. Bf3 Qb6 17. Qc2 Rfd8 18. Qb1 h6 19. Rfd1 Bg5 20. Ne4 Nxe4 21. Qxe4 Rxc1 22. Rxc1 Nxe3 23. Qxb7 Qxd4 24. Rc8 Nf5 25. Rxd8+ Bxd8 26. Qc8 Kh7 27. Qc2 Bf6 28. Bb7 g6 29. Bxa6 Qb6 30. Bc8 Nd4 31. Qc7 Ne2+ 32. Kf1 Nxg3+ 33. Qxg3 Qc6 34. Qf3 Qc1+ 35. Ke2 Qxb2+ 36. Kd1 Qb1+ 37. Ke2 Qc2+ 38. Ke1 Bc3+ 39. Kf1 Qc1+ 40. Ke2 Qd2+ 0-1

[Event "Olympiad Women 2024"]
[Site "Budapest HUN"]
[Date "2024.09.15"]
[Round "5.26"]
[Board "2"]
[White "Urh, Zala"]
[Black "Vargas, Gabriela"]
[Result "1-0"]
[WhiteElo "2251"]
[BlackElo "2109"]
[PlyCount "129"]
[EventDate "2024.09.11"]
[WhiteTeam "Slovenia"]
[BlackTeam "Paraguay"]
[WhiteTeamCountry "SLO"]
[BlackTeamCountry "PAR"]

1. d4 d5 2. Bf4 e6 3. Nf3 Bd6 4. Bg3 Ne7 5. e3 c5 6. c3 Nbc6 7. Bd3 O-O 8. Nbd2 f6 $146 ({RR} 8... f5 9. Ne5 Nxe5 10. dxe5 Bc7 11. f4 Nc6 12. Bf2 c4 13. Bc2 b5 14. a3 Bb6 15. g4 Ne7 16. Nf3 Bd7 17. Nd4 Bxd4 18. Qxd4 Qc7 19. Rg1 Be8 20. Qd1 a5 21. Bh4 Bg6 22. Kd2 Rab8 23. gxf5 {½-½ Rakic,T (2410)-Diesen,M (2220) Odzaci 1978 (2.4)}) ({RR} 8... a6 9. Qb1 h6 10. Ne5 Bxe5 11. dxe5 b5 12. a4 c4 13. axb5 Na7 14. Bc2 Nxb5 15. O-O Rb8 16. Qd1 Qb6 17. Qh5 Nc7 18. Ra2 Nf5 19. e4 dxe4 20. Nxe4 Nd5 21. Nd6 Nde7 22. Nxc4 Qc6 23. Ne3 {0-1 Maidana,C (2218)-Dong,N (2493) Titled Tuesday intern op 12th May blitz 2020 (1)}) ({RR} 8... Ng6 9. Qc2 b6 10. Ne5 Bb7 11. f4 Rc8 12. h4 cxd4 13. Nxc6 Rxc6 14. h5 dxe3 15. hxg6 exd2+ 16. Kxd2 fxg6 17. Rxh7 Kxh7 18. Bxg6+ Kg8 19. Bh7+ Kh8 20. Rh1 Bxf4+ 21. Bxf4 Rxf4 22. Bg8+ Kxg8 23. Qh7+ {0-1 Foucreault,L (1507)-Ripoll,A (1713) Quebec Montcalm op 3 2016-17 (5)}) 9. dxc5 Bxc5 10. Nb3 Bd6 11. e4 dxe4 12. Bxe4 e5 13. O-O Be6 14. Nfd2 Qc7 15. f3 Rad8 16. Qe2 f5 17. Bc2 Rfe8 18. Rfd1 Ng6 19. Kh1 Qf7 20. a4 Kh8 21. a5 a6 22. Ra4 Be7 23. Nc4 Rxd1+ 24. Bxd1 Bd5 25. Nbd2 Bf8 26. Nb6 Be6 27. Bc2 Rd8 28. Ndc4 f4 29. Bf2 Bf5 30. Ra1 h6 31. Rd1 Rxd1+ 32. Qxd1 Kh7 33. h3 Be7 34. b4 Bxc2 35. Qxc2 Kh8 36. Qe4 Qe6 37. Qd5 Nf8 38. Qxe6 Nxe6 39. Nd7 Bf6 40. Nd6 Ncd8 41. Bb6 Be7 42. Nc4 Nc6 43. Kg1 Kg8 44. Kf2 Bf6 45. Nd6 Ned8 46. Nc5 Kf8 47. Ndxb7 e4 48. Nxd8 e3+ 49. Ke2 Bxd8 50. Ne6+ Ke7 51. Nxf4 Kd6 52. Bxd8 Nxd8 53. Kxe3 g5 54. Ne2 Kd5 55. Kd3 Nc6 56. c4+ Ke5 57. Kc3 h5 58. Kb3 Kd6 59. Ng3 h4 60. Ne4+ Ke5 61. Nxg5 Nd4+ 62. Ka4 Kd6 63. b5 Kc5 64. bxa6 Nc6 65. Nf7 1-0

[Event "Olympiad Women 2024"]
[Site "Budapest HUN"]
[Date "2024.09.15"]
[Round "5.27"]
[Board "2"]
[White "Repkova, Eva"]
[Black "Camp, Imogen A L"]
[Result "1-0"]
[WhiteElo "2319"]
[BlackElo "1923"]
[PlyCount "115"]
[EventDate "2024.09.11"]
[WhiteTeam "Slovakia"]
[BlackTeam "Wales"]
[WhiteTeamCountry "SVK"]
[BlackTeamCountry "WLS"]

1. e4 e5 2. Nf3 Nf6 3. Nxe5 Nxe4 4. Qe2 Qe7 5. Qxe4 d6 6. d4 dxe5 7. dxe5 Nc6 8. Bb5 Bd7 9. Nc3 O-O-O 10. Bf4 ({RR} 10. O-O Nxe5 11. Bf4 Ng6 12. Bxd7+ Rxd7 13. Be3 Qxe4 14. Nxe4 f5 15. Nc5 Bxc5 16. Bxc5 b6 17. Bb4 c5 18. Bc3 Nf4 19. Rfe1 Nd5 20. Be5 Re8 21. f4 Nb4 22. Re2 g5 23. a3 Nc6 24. Rae1 Rde7 {0-1 Sevian,S (2660)-Ponkratov,P (2631) Leon blitz op 33rd final 2020 (2.2)}) 10... g5 11. Be3 ({RR} 11. Bg3 Bg7 12. O-O-O Rhe8 13. Nd5 Qc5 14. Qa4 a6 15. Bxa6 Nxe5 16. Bxb7+ Kxb7 17. Qb3+ Qb5 18. Qa3 Nc4 19. Qc3 Bxc3 {0-1 Chincholimath,H (1852)-Schmidt,T (2195) Titled Tue 28th May Early 2024 (2)}) 11... h6 $146 ({RR} 11... a6 12. Bxc6 Bxc6 13. Qf5+ Rd7 14. O-O Bg7 15. Bxg5 Qxe5 16. Qxe5 Bxe5 17. Be3 Rg8 18. f3 Re8 19. Rfe1 Bxc3 20. bxc3 Rde7 21. Kf2 Bb5 22. Rad1 Ba4 23. Rd2 Rd7 24. Rxd7 Kxd7 25. Rd1+ Kc8 26. Rd2 {½-½ Besner,B (2188)-Marzano,C (2129) Graz op 2015 (6)}) ({RR} 11... Bg7 12. O-O-O Bxe5 13. Bxc6 Bxc6 14. Qf5+ Kb8 15. Rhe1 Rxd1+ 16. Nxd1 Re8 17. Kb1 f6 18. a3 Qd6 19. Qxh7 Rd8 20. g3 Bf3 21. Qd3 Qxd3 22. cxd3 Rxd3 23. Nc3 Rd8 24. Kc2 b6 25. Bc1 Rh8 26. Ne4 {0-1 Perez Ferris,M (2009)-Lopez Andujar Ocana,A (2198) Madrid op2 2005 (3)}) ({RR} 11... Nxe5 12. Bxd7+ Rxd7 13. O-O Nc6 14. Qf5 h6 15. Rfe1 Qe6 16. Qb5 a6 17. Qa4 Qf5 18. Ne4 Bb4 19. c3 Qxe4 20. Bd4 Rxd4 21. Rxe4 Rxe4 22. cxb4 Rhe8 23. f3 Rxb4 24. Qc2 Nd4 25. Qd2 Ne2+ 26. Kf1 {0-1 Borchert,R (2028)-Riehle,M (2132) GER-ch U25 op-A 2015 (9)}) 12. O-O-O Bg7 13. Qa4 Qxe5 14. Bxa7 Nxa7 15. Bxd7+ Kb8 16. Rd5 Qf6 17. f3 c6 18. Ra5 Qd4 19. Rd1 Qxa4 20. Nxa4 Nb5 21. c4 Nd4 22. Nb6 Kc7 23. c5 Ne2+ 24. Kc2 Nf4 25. Rd2 Nd5 26. Nxd5+ cxd5 27. Bb5 Be5 28. g3 h5 29. Re2 Bf6 30. Ra3 Ra8 31. Rxa8 Rxa8 32. a4 b6 33. cxb6+ Kxb6 34. Re8 Ra7 35. Rc8 Be7 36. Rc6+ Ka5 37. Kc3 Ra8 38. Kd4 Kb4 39. Kxd5 Ra7 40. Rb6 Bd8 41. Rb8 Bc7 42. Rh8 h4 43. gxh4 Bxh2 44. hxg5 Bg3 45. Rh3 Bb8 46. f4 Re7 47. Rf3 Rc7 48. Rc3 Re7 49. Rf3 Rc7 50. Ke4 Re7+ 51. Kf5 Re6 52. Rd3 Re7 53. Rd7 Rxd7 54. Bxd7 Bd6 55. Be8 Be7 56. Bxf7 Kxa4 57. g6 Bf8 58. Kf6 1-0

[Event "Olympiad Women 2024"]
[Site "Budapest HUN"]
[Date "2024.09.15"]
[Round "5.27"]
[Board "3"]
[White "Smith, Lynda"]
[Black "Mrvova, Alena"]
[Result "0-1"]
[WhiteElo "1831"]
[BlackElo "2121"]
[PlyCount "76"]
[EventDate "2024.09.11"]
[WhiteTeam "Wales"]
[BlackTeam "Slovakia"]
[WhiteTeamCountry "WLS"]
[BlackTeamCountry "SVK"]

1. e4 c5 2. Nc3 Nc6 3. g3 g6 4. Bg2 Bg7 5. d3 d6 6. Be3 Rb8 7. Qd2 Nf6 8. Bh6 Bxh6 9. Qxh6 Nd4 10. Qd2 b5 $146 ({RR} 10... Qa5 11. h3 Be6 12. Nge2 Nxe2 13. Qxe2 O-O 14. O-O b5 15. f4 Qc7 16. g4 b4 17. Nd1 Bc8 18. Ne3 Bb7 19. Bf3 Kh8 20. g5 Ng8 21. h4 f5 22. h5 e6 23. hxg6 hxg6 24. Kg2 Ne7 25. Rh1+ {1-0 Zatloukal,P-Pospisil,J Moravia-ch op 1994}) ({RR} 10... O-O 11. Nd5 Be6 12. Nxf6+ exf6 13. c3 Nc6 14. Ne2 f5 15. O-O d5 16. exf5 Bxf5 17. d4 cxd4 18. Nxd4 Nxd4 19. Qxd4 Be6 20. Qxa7 b6 21. Qa4 Rc8 22. Qd4 Rc4 23. Qd2 d4 24. Rfd1 Qf6 25. cxd4 {½-½ Frank,J (2116)-Kadar,G (2107) HUN-chT2 Charousek 1314 2013 (5)}) ({RR} 10... Qa5 11. Nge2 Bg4 12. Nxd4 cxd4 13. Nd5 Qxd2+ 14. Kxd2 Ng8 15. c3 dxc3+ 16. bxc3 e5 17. Rab1 Kd7 18. d4 Be6 19. Nb4 Kc7 20. Nd3 f6 21. f4 Bc4 22. fxe5 dxe5 23. d5 Bxd3 24. Kxd3 Ne7 25. c4 {½-½ Demirbag,A (1894)-Kiremitciyan,A (2038) Troya op 23rd 2015 (3)}) 11. h4 h5 12. Nd1 e5 13. c3 Ne6 14. Nf3 Bb7 15. O-O O-O 16. Ne3 c4 17. Ng5 Nxg5 18. hxg5 Nh7 19. f4 exf4 20. gxf4 Re8 21. Rae1 f6 22. dxc4 fxg5 23. cxb5 g4 24. Nd5 h4 25. e5 h3 26. Be4 dxe5 27. fxe5 Qh4 28. Qf4 Rf8 29. Nf6+ Nxf6 30. exf6 Bxe4 31. f7+ Kh7 32. Rxe4 Rxb5 33. Re8 Rf5 34. Qh2 Rxf1+ 35. Kxf1 Rxf7+ 36. Kg1 g3 37. Qd2 h2+ 38. Kh1 Rf1+ 0-1

[Event "Olympiad Women 2024"]
[Site "Budapest HUN"]
[Date "2024.09.15"]
[Round "5.28"]
[Board "1"]
[White "Rivera, Ingris"]
[Black "Pang, Kay Yan Eden"]
[Result "1-0"]
[WhiteElo "2171"]
[BlackElo "1847"]
[PlyCount "75"]
[EventDate "2024.09.11"]
[WhiteTeam "Colombia"]
[BlackTeam "Singapore"]
[WhiteTeamCountry "COL"]
[BlackTeamCountry "SIN"]

1. d4 d5 2. Nf3 e6 3. g3 Nf6 4. Bg2 Be7 5. O-O O-O 6. c4 dxc4 7. Ne5 Nc6 8. Nxc6 bxc6 9. Bxc6 Rb8 10. Bg2 c5 ({RR} 10... Bb7 11. Bxb7 Rxb7 12. Nc3 Qd7 13. Rb1 Rd8 14. Bg5 Qxd4 15. Qa4 Rb4 16. Bxf6 gxf6 17. Qc6 Qb6 18. Qf3 Qb7 19. Qg4+ Kh8 20. Rbd1 Rxd1 21. Rxd1 Qc6 22. Qh5 Kg7 23. Qg4+ Kh8 24. Qh5 Kg7 25. Qg4+ {½-½ Odendahl,S (2410)-Browne,W (2530) World op Philadelphia 1988}) 11. Na3 ({RR} 11. dxc5 Bxc5 12. Nc3 Bb7 13. Qa4 Bxg2 14. Kxg2 Qc7 15. Qxc4 Qc6+ 16. e4 Rb4 17. Qd3 Nxe4 18. Nxe4 Rxe4 19. Qf3 Rc8 20. Bd2 Re2 21. Qxc6 Rxc6 22. Bc3 h5 23. Rad1 Bb6 24. Kf3 Rc2 25. Rd2 R6xc3+ {0-1 Lutz,I (1947)-Awoki,D (2152) Titled Tue 11th Jul Late 2023 (8)}) 11... cxd4 12. Nxc4 Bb7 13. Bxb7 $146 ({RR} 13. b3 Bxg2 14. Kxg2 Qd5+ 15. f3 Rfd8 16. e4 dxe3 17. Bxe3 Bc5 18. Qe2 Bxe3 19. Qxe3 Qd4 20. Qxd4 Rxd4 21. Rad1 Rxd1 22. Rxd1 Nd5 23. Kf2 Kf8 24. h4 h5 25. Ne3 Rc8 26. Nxd5 exd5 27. Rd2 Ke7 {½-½ Schrems,H (2086)-Unteregge,M (1979) Rheinland Pfalz op 11th 2019 (5)}) ({RR} 13. Ne5 Bxg2 14. Kxg2 Qd5+ 15. Nf3 e5 16. Kg1 Rfd8 17. Nxe5 Qxe5 18. Bf4 Qb5 19. Bxb8 Qxb8 20. Rb1 Qe5 21. a3 h5 22. Qd3 h4 23. Rbc1 hxg3 24. Qxg3 Qd5 25. f3 Bd6 26. Qh3 Bf4 27. Rc8 g6 {0-1 Kohlscheen,J (1711)-Woellermann,J (2068) Niedersachsen-ch op 2009 (2)}) 13... Rxb7 14. Qd3 Qd5 15. b3 Rd8 16. Bb2 Ne4 17. Rad1 Rbd7 18. Qf3 Nc5 19. Qxd5 Rxd5 20. Ba3 Bf6 21. Rd2 Ne4 22. Rc2 e5 23. Bb4 Rc8 24. Rfc1 g6 25. f3 Ng5 26. Nd6 Rxc2 27. Rxc2 h5 28. Rc8+ Kh7 29. h4 Nxf3+ 30. exf3 Be7 31. Ne4 f5 32. Rc7 fxe4 33. Rxe7+ Kg8 34. fxe4 Rb5 35. Bd2 Rc5 36. Kf2 Rc2 37. Ke2 Rxa2 38. Rxe5 1-0

[Event "Olympiad Women 2024"]
[Site "Budapest HUN"]
[Date "2024.09.15"]
[Round "5.28"]
[Board "3"]
[White "Chirivi C, Jenny Astrid"]
[Black "Koh, Wei Le Gladys"]
[Result "0-1"]
[WhiteElo "2120"]
[BlackElo "1788"]
[PlyCount "106"]
[EventDate "2024.09.11"]
[WhiteTeam "Colombia"]
[BlackTeam "Singapore"]
[WhiteTeamCountry "COL"]
[BlackTeamCountry "SIN"]

1. d4 d5 2. c4 c6 3. Nf3 Nf6 4. e3 e6 5. Bd3 Nbd7 6. O-O dxc4 7. Bxc4 b5 8. Bd3 Bb7 9. a4 ({RR} 9. Nbd2 a6 10. a4 b4 11. Nc4 c5 12. b3 cxd4 13. Nxd4 Be7 14. Bb2 Nc5 15. Be2 O-O 16. Bf3 Bxf3 17. Qxf3 Qd5 18. Nc6 Rae8 19. N4a5 Qxf3 20. gxf3 Nd5 21. Rac1 Nd3 22. Rc2 Nxb2 23. Rxb2 Bf6 {1-0 Bykov,E (2424)-Shevchuk,O (2093) Titled Tue 23rd Apr Late 2024 (6)}) 9... b4 10. Nbd2 Be7 $146 ({RR} 10... a5 11. Re1 c5 12. Bb5 Be7 13. dxc5 Bxc5 14. Nb3 O-O 15. e4 Nxe4 16. Rxe4 Bxe4 17. Qxd7 Qb6 18. Nxc5 Rfd8 19. Nxe4 Rxd7 20. Bxd7 Qb7 21. Nc5 Qd5 22. Be3 Rd8 23. Rc1 h6 24. Bb5 Rc8 25. h3 {1-0 Macias Rodriguez,F (2017)-Asensio Diaz,J (1909) Extremadura-chT 2009 (6.3)}) ({RR} 10... c5 11. Qe2 Be7 12. Rd1 O-O 13. a5 Rc8 14. Nc4 cxd4 15. exd4 Nd5 16. a6 Ba8 17. Nfe5 N7f6 18. Bg5 h6 19. Bd2 Nb6 20. Nxb6 Qxb6 21. Be3 Bd5 22. Rac1 b3 23. h3 Rfd8 24. Qf1 Bd6 25. Bb1 {1-0 Fressinet,L (2693)-Korobov,A (2679) EU-ch 13th Plovdiv 2012 (9)}) ({RR} 10... c5 11. e4 cxd4 12. e5 Nd5 13. Re1 Be7 14. Nxd4 O-O 15. N2b3 Rc8 16. Qg4 Kh8 17. Qe4 g6 18. Bh6 Re8 19. a5 Kg8 20. Bb5 a6 21. Ba4 Rc7 22. Rac1 Bf8 23. Bg5 Be7 24. Rxc7 Qxc7 25. Rc1 {1-0 Novikov,M (2510)-Sosulin,E (2325) Bogoroditsk 03 2011 (1)}) 11. e4 c5 12. e5 Nd5 13. Nc4 h6 14. a5 Rc8 15. Qe2 Kf8 16. Rd1 Qc7 17. a6 Ba8 18. Bd2 Qb8 19. h4 g6 20. h5 g5 21. g3 cxd4 22. Nxd4 N5b6 23. Ra5 Nxc4 24. Bxc4 Qc7 25. Rb5 Qxc4 26. Qxc4 Rxc4 27. Be1 Nb6 28. b3 Rc5 29. Bxb4 Rxb5 30. Bxe7+ Kxe7 31. Nxb5 Bd5 32. b4 Nd7 33. f4 gxf4 34. gxf4 Rg8+ 35. Kf2 Rb8 36. Nxa7 Ra8 37. Nb5 Rxa6 38. Nc3 Bb7 39. Ke3 Nb6 40. f5 Nd5+ 41. Nxd5+ Bxd5 42. Kd4 Rc6 43. f6+ Kd7 44. Rb1 Rc4+ 45. Ke3 Re4+ 46. Kd3 Rxe5 47. Ra1 Bb7 48. Kc4 Rxh5 49. b5 Kc7 50. Rd1 Bd5+ 51. Kb4 Kb6 52. Ra1 Rh4+ 53. Kc3 Rf4 0-1

[Event "Olympiad Women 2024"]
[Site "Budapest HUN"]
[Date "2024.09.15"]
[Round "5.29"]
[Board "4"]
[White "Canales Chinchilla, Victoria"]
[Black "Vincent, Alaina"]
[Result "0-1"]
[WhiteElo "1825"]
[BlackElo "1976"]
[PlyCount "124"]
[EventDate "2024.09.11"]
[WhiteTeam "Costa Rica"]
[BlackTeam "Australia"]
[WhiteTeamCountry "CRI"]
[BlackTeamCountry "AUS"]

1. e4 c5 2. Nf3 e6 3. d4 cxd4 4. Nxd4 a6 5. Bd3 b5 6. O-O Bb7 7. Be3 Qc7 ({RR} 7... Nc6 8. Nd2 Qc7 9. c3 Bd6 10. f4 e5 11. Nxc6 Bxc6 12. Nf3 f6 13. fxe5 fxe5 14. Ng5 Ne7 15. Nf7 Rf8 16. Bc4 Nc8 17. Qh5 g6 18. Qxh7 Bxe4 19. Nxd6+ Qxd6 20. Rad1 Rxf1+ 21. Rxf1 Bf5 22. Qg8+ {1-0 Hnatyshyn,A (2178)-Berke,A (2066) 24th Mediterranean Flower 2024 (4.5)}) 8. Nd2 ({RR} 8. a4 b4 9. Nd2 Nf6 10. N4b3 d5 11. exd5 Nxd5 12. Bd4 Nc6 13. Bc5 Bxc5 14. Nxc5 O-O 15. Nxb7 Qxb7 16. Qh5 g6 17. Qh4 Ne5 18. Ne4 Nxd3 19. cxd3 Qe7 20. Qxe7 Nxe7 21. Rac1 Nd5 22. Rc4 Kg7 {0-1 Avila Rodriguez,J (2247)-Molenda,M (2381) Titled Tue 15th Nov Late 2022 (10)}) 8... Nf6 9. Rc1 d6 $146 ({RR} 9... Nc6 10. Nxc6 Bxc6 11. c4 Qb7 12. f3 Bd6 13. Rf2 O-O 14. c5 Bc7 15. Bd4 Nh5 16. Nf1 Rad8 17. Qc2 Nf4 18. Rd2 f5 19. e5 Bxf3 20. Rf2 Nxd3 21. Qxd3 Be4 22. Qg3 Qd5 23. Qc3 Qb7 24. a3 {½-½ Bui,D-Le,T (1942) VIE-ch Da Lat 2008 (4)}) ({RR} 9... d5 10. exd5 Nxd5 11. Qe2 Bd6 12. h3 O-O 13. N4f3 Nd7 14. c4 Nxe3 15. Qxe3 Bf4 16. cxb5 Qxc1 17. Rxc1 Bxe3 18. Rc7 Bc8 19. Be4 Bxf2+ 20. Kxf2 Rb8 21. bxa6 Bxa6 22. Rxd7 Rxb2 23. Ra7 Bc4 24. a4 {½-½ Koplandi,T-Doma,B (1679) HUN-chT U18 Miskolc 2008 (7.21)}) ({RR} 9... Nc6 10. c4 b4 11. c5 Nxd4 12. Bxd4 e5 13. Be3 Be7 14. f4 exf4 15. Bxf4 Qc6 16. Nb3 Nxe4 17. Qe2 f5 18. Na5 Qc8 19. c6 Bxc6 20. Nxc6 dxc6 21. Bxe4 fxe4 22. Qxe4 c5 23. Bd6 Ra7 24. Bxc5 {1-0 Rudd,J (2344)-Flear,C (2092) Hastings Masters op 84th 2008 (6)}) 10. c4 b4 11. Qa4+ Nbd7 12. Qxb4 Nc5 13. Qc3 Ncxe4 14. Nxe4 Bxe4 15. Bxe4 Nxe4 16. Qc2 Nf6 17. h3 Be7 18. b4 O-O 19. Rfd1 Rfc8 20. Qd3 h6 21. Rc2 Qb7 22. a3 Rc7 23. Rdc1 Rac8 24. f3 Nd7 25. Nb3 Bf8 26. Bf4 e5 27. Be3 d5 28. Na5 Qa8 29. c5 d4 30. Bf2 Be7 31. c6 Nb8 32. Qe4 Bg5 33. Rd1 Nxc6 34. Nxc6 Rxc6 35. Rxc6 Qxc6 36. Qxe5 Bf6 37. Qf5 Rd8 38. g3 g6 39. Qd3 Bg7 40. Rd2 Qe6 41. Kg2 Qd6 42. Rc2 Qd5 43. Rc5 Qa2 44. Rc2 Qe6 45. Re2 Qd5 46. Rd2 Qc6 47. Rc2 Qb5 48. Rd2 Qa4 49. Rc2 Qb5 50. Rd2 Qb7 51. Qe2 Kh7 52. Rd3 Qb5 53. Qd2 Re8 54. Kg1 Rc8 55. Bxd4 Bxd4+ 56. Rxd4 Qf5 57. Qf2 Qxh3 58. Rd1 Rc3 59. Ra1 Qf5 60. f4 Qd3 61. g4 Rc2 62. Qe1 Qf3 0-1

[Event "Olympiad Women 2024"]
[Site "Budapest HUN"]
[Date "2024.09.15"]
[Round "5.30"]
[Board "1"]
[White "Goossens, Hanne"]
[Black "February, Jesse Nikki"]
[Result "0-1"]
[WhiteElo "2189"]
[BlackElo "2013"]
[PlyCount "60"]
[EventDate "2024.09.11"]
[WhiteTeam "Belgium"]
[BlackTeam "South Africa"]
[WhiteTeamCountry "BEL"]
[BlackTeamCountry "RSA"]

1. e4 e6 2. d4 d5 3. exd5 exd5 4. Nf3 Bd6 5. c4 Nf6 6. c5 Be7 7. Bd3 O-O 8. O-O b6 9. Be3 Bg4 10. Nbd2 bxc5 11. dxc5 Nc6 12. Qa4 ({RR} 12. h3 Bh5 13. Qa4 d4 14. Bg5 Nd5 15. Qxc6 Bxg5 16. Be4 Bxd2 17. Nxd2 Nf4 18. Nf3 Rb8 19. Rab1 Re8 20. Bf5 Bxf3 21. Qxf3 Qg5 22. Bd7 Re5 23. c6 Qf6 24. Rfe1 Rbb5 25. a4 Rbc5 26. b4 Rc3 {0-1 Kosteniuk,A (2501)-Levitskiy,A (2290) Titled Tue 7th May Early 2024 (10)}) 12... Bd7 13. Qd1 $146 ({RR} 13. Bb5 Qe8 14. Rfe1 a6 15. Bxc6 Bxc6 16. Qa5 Qd8 17. Nd4 Bd7 18. Bf4 Ra7 19. c6 Bc8 20. Nb5 Bb4 21. Qxb4 axb5 22. Qxb5 Be6 23. Nb3 Qa8 24. Nd4 Rb8 25. Qe2 Rxa2 26. Rxa2 Qxa2 27. Nxe6 Rxb2 {1-0 Tregubov,P (2592)-Anikonov,D (2371) Wch Rapid St Petersburg 2018 (12)}) ({RR} 13. Bb5 Qe8 14. Rfe1 Nb8 15. Bxd7 Qxd7 16. Qxd7 Nfxd7 17. Rac1 Nc6 18. Nd4 Nde5 19. Nxc6 Nxc6 20. Bf4 Bf6 21. b3 Nb4 22. Bxc7 Nd3 23. Nf3 Nxe1 24. Nxe1 Rac8 25. Bd6 Rfe8 26. Kf1 Be7 27. Bxe7 Rxe7 {1-0 Smith,A (2451)-Brynell,S (2422) Malmo Torso rapid 2021 (5)}) ({RR} 13. Bb5 Qe8 14. Rfe1 a6 15. Bxc6 Bxc6 16. Qf4 Qc8 17. Nb3 Ne4 18. Rad1 Bf6 19. Bd4 Re8 20. Bxf6 Nxf6 21. Nbd4 Bd7 22. Ne5 Be6 23. b3 a5 24. h3 Ne4 25. Nd3 c6 26. Rc1 f6 27. f3 Ng5 {1-0 Xiong,J (2709)-Kobo,O (2460) Titled Tuesday intern op 19th Jan blitz 2021 (7)}) 13... Rb8 14. a3 a5 15. Qc2 h6 16. h3 Qc8 17. Rab1 Be6 18. Nb3 Rxb3 19. Qxb3 d4 20. Qc2 dxe3 21. fxe3 Rd8 22. Rbc1 Qb7 23. Qe2 Rb8 24. Rc2 Bb3 25. Rcc1 Bd5 26. e4 Be6 27. Rc2 Nd7 28. Qf2 Qb3 29. Nd4 Nxd4 30. Qxd4 Qxc2 0-1

[Event "Olympiad Women 2024"]
[Site "Budapest HUN"]
[Date "2024.09.15"]
[Round "5.30"]
[Board "2"]
[White "Badenhorst, Chloe"]
[Black "Vanduyfhuys, Daria"]
[Result "0-1"]
[WhiteElo "1981"]
[BlackElo "2112"]
[PlyCount "74"]
[EventDate "2024.09.11"]
[WhiteTeam "South Africa"]
[BlackTeam "Belgium"]
[WhiteTeamCountry "RSA"]
[BlackTeamCountry "BEL"]

1. d4 Nf6 2. Nf3 e6 3. Bf4 d5 4. e3 c5 5. Nbd2 Nc6 6. c3 Bd6 7. Bg3 O-O 8. Bd3 b6 9. e4 dxe4 10. Nxe4 Nxe4 11. Bxe4 Bb7 12. Qa4 Rc8 13. dxc5 Bxg3 14. hxg3 f5 15. Bc2 bxc5 16. Rd1 ({RR} 16. Bb3 Kh8 17. Qf4 Qf6 18. O-O-O c4 19. Qxc4 Ne5 20. Qh4 Qxh4 21. Nxh4 g5 22. Ng6+ Nxg6 23. Rd7 Rf6 24. Rhxh7+ Kg8 25. Rxb7 a5 26. Rbg7+ {1-0 Koelle,T (2470)-Saryyev,A (1999) 61st World Juniors 2024 (7.12)}) 16... Qe7 17. O-O $146 ({RR} 17. g4 Rcd8 18. Rxd8 Nxd8 19. Qf4 Bxf3 20. Qxf3 Qg5 21. gxf5 exf5 22. Qd5+ Kh8 23. O-O Qf6 24. Re1 Nf7 25. Qxf5 Qxf5 26. Bxf5 Nd6 27. Bd3 Re8 28. Kf1 Kg8 29. Rxe8+ Nxe8 30. b4 cxb4 31. cxb4 h6 {1-0 Kannenberg,K (2214)-Szabo,M (2067) Bayern-chI Bank Hofmann 20th 2016 (6)}) ({RR} 17. Bb3 Kh8 18. Qh4 Qxh4 19. Rxh4 h6 20. Rd7 Ba6 21. g4 fxg4 22. Rxg4 g5 23. Re4 Rf6 24. Ba4 Nd8 25. Rxa7 Bb7 26. Re3 g4 27. Ne5 h5 28. g3 Kg8 29. Bb5 Bd5 30. c4 Bg2 31. a4 Nb7 {1-0 Studnicka,T (2342)-Vrana,J (2409) CZE-chT 2122 2021 (6.5)}) ({RR} 17. g4 Rcd8 18. Rxd8 Rxd8 19. Bb3 Qf6 20. g5 Qe7 21. O-O Nd4 22. Nxd4 cxd4 23. Qxa7 d3 24. Qe3 Kf7 25. Rd1 Ba6 26. Rd2 Qd6 27. Kf1 Qc6 28. Qe5 Bc4 29. Bd1 Bxa2 30. b3 Bb1 31. c4 Bc2 {½-½ Neuberger,G (2246)-Scheiblmaier,R (2177) AUT-chT2W 1920 2019 (4.2)}) 17... e5 18. Bb3+ Kh8 19. Nd2 Ba8 20. Nc4 Rcd8 21. Ne3 f4 22. Nd5 Qg5 23. Qe4 Ne7 24. gxf4 Qh4 25. Qxe5 Nxd5 26. Bxd5 Rfe8 27. Qf5 g6 28. Qf7 Re7 29. g3 Rxf7 30. gxh4 Rxd5 31. Rde1 Bc6 32. Re6 Bb5 33. Rfe1 Rxf4 34. Re7 Rg4+ 35. Kh2 Rh5 36. R1e3 Bf1 37. Rg3 Rgxh4+ 0-1